Gaming Quiz

Random Gaming or Pokémon Quiz
Score 0/40 Timer 08:00
1 Play Today
% Correct
Chikorita
94.6%
Quilava
80%
Slowking
73.6%
Porygon2
71.8%
Unown
69.7%
Ho-Oh
69.6%
Entei
69%
Espeon
68.3%
Togetic
68.3%
Heracross
67.6%
Steelix
67.6%
Houndoom
67.6%
Natu
67.5%
Lugia
66.2%
Sentret
66.2%
Magby
65.7%
Aipom
64.6%
Sudowoodo
64.1%
Feraligatr
63.7%
Larvitar
63.2%
% Correct
Noctowl
62.9%
Flaaffy
62.8%
Sneasel
62.5%
Miltank
62.5%
Mantine
62.3%
Blissey
61.6%
Skarmory
61.6%
Marill
61.5%
Phanpy
60.9%
Ursaring
60.8%
Scizor
59.7%
Celebi
58.6%
Forretress
58.5%
Ledian
57.5%
Tyrogue
57.2%
Chinchou
54.9%
Smeargle
54.9%
Corsola
54.8%
Wobbuffet
53.9%
Granbull
53.8%

You're not logged in!

Compare scores with friends on all Sporcle quizzes.
OR
Log In

Sporcle TV

Today on Sporcle TV


Watch our educational content, quiz creation guides, and fun videos on Sporcle TV.

Show Comments

Extras

Top Quizzes Today


Score Distribution

Paid Content

Your Account Isn't Verified!

In order to create a playlist on Sporcle, you need to verify the email address you used during registration. Go to your Sporcle Settings to finish the process.

Report this User

Report this user for behavior that violates our Community Guidelines.

Details: